| 000 | 00969nam a22003135i 4500 | ||
|---|---|---|---|
| 999 |
_c28533 _d28504 |
||
| 003 | EG-ScBUE | ||
| 005 | 20200720164016.0 | ||
| 008 | 200219t20192019maua f b 001 0 eng d | ||
| 020 | _a9781337904698 | ||
| 020 | _a1337904694 | ||
| 040 |
_aEG-ScBUE _beng _erda _cEG-ScBUE _dEG-ScBUE |
||
| 082 | 0 | 4 |
_a658.421 _bGRE _222 |
| 100 | 1 |
_aGreene, Cynthia L., _eauthor. |
|
| 245 | 1 | 0 |
_aEntrepreneurship : _bideas in action / _cCynthia L. Greene. |
| 250 | _aSixe edition. | ||
| 250 | _aPrecision exams edition. | ||
| 264 | 1 |
_aBoston, MA : _bSouth-Western Cengage Learning, _c[2019] |
|
| 264 | 4 | _cc2019 | |
| 300 |
_axv, 434 pages : _billustrations ; _c24 cm |
||
| 336 |
_atext _btxt _2rdacontent |
||
| 337 |
_aunmediated _bn _2rdamedia |
||
| 338 |
_avolume _bnc _2rdacarrier |
||
| 500 | _aIncludes index. | ||
| 650 | 7 |
_aEntrepreneurship. _2BUEsh |
|
| 650 | 7 |
_aNew business enterprises _2BUEsh |
|
| 653 |
_bBUSADM _cJuly2020 |
||
| 655 |
_vText book _933728 |
||
| 942 |
_2ddc _cBB |
||